01096 2200325 4500001002100000005001500021035002000036007000300056008004100059020002200100082001500122084001700137100003800154245019000192250003300382300003500415700002200450600001100472264004600483336002100529337003000550338002300580040002200603090002200625850001200647999002200659041001300681546005400694990002200748INLIS00000000087231020220829090447 a0010-0822000915ta220819s2022 yoia g 0bind d a978-623-244-223-804223a808.51 a808.51 KHO m0 aKholifatul Adhad1989-epengarang10aMudah dan cepat kuasai public speaking :bmengupas strategi dahsyat menyingkirkan rasa takut dan panik serta memukau audiens di mana dan kapan saja /cKholifatul Adha; penyunting, Amira aCetakan Pertama: April, 2022 a209 halaman :bgambar ;c21 cm0 aAmiraepenyunting 4aPidato31aYogyakarta :bAnak Hebat Indonesia,c2022 2rdacontentateks 2rdamediaatanpa perantara 2rdacarrieravolume aYOPDYOGbinderda aCB-D.11 2022-0859 aYOPDYOG aCB-D.11/2022-08590 aindgeng aTeks terdapat bahasa Indonesia dan bahasa Inggris aCB-D.11/2022-0859